LEADER 01096nam a2200337 i 4500 001 991000849519707536 005 20020507102256.0 008 960320s1986 us ||| | eng 035 $ab10138237-39ule_inst 035 $aLE00637903$9ExL 040 $aDip.to Fisica$bita 084 $a52.9.3 084 $a52.9.52 084 $a52.9.523 084 $a551 084 $aQB631 100 1 $aSaxena, S.$0461337 245 10$aChemistry and physics of terrestrial planets /$cedited by S. Saxena...[et al.] 260 $aNew York :$bSpringer-Verlag,$c1986 300 $ax, 405 p. :$bill. ;$c25 cm. 490 0 $aAdvances in physical geochemistry ;$v6 650 4$aCosmochemistry 650 4$aEarth 650 4$aGeochemistry 650 4$aPlanets 907 $a.b10138237$b17-02-17$c27-06-02 912 $a991000849519707536 945 $aLE006 52.9.3 SAX$g1$i2006000025454$lle006$o-$pE0.00$q-$rl$s- $t0$u0$v0$w0$x0$y.i10163487$z27-06-02 996 $aChemistry and physics of terrestrial planets$9185520 997 $aUNISALENTO 998 $ale006$b01-01-96$cm$da $e-$feng$gus $h0$i1 LEADER 01255nam 2200433 450 001 9910812995103321 005 20230807202919.0 010 $a1-78084-424-7 010 $a1-78084-423-9 035 $a(CKB)4330000000072269 035 $a(MiAaPQ)EBC4876777 035 $a(Au-PeEL)EBL4876777 035 $a(CaPaEBR)ebr11437559 035 $a(OCoLC)953863434 035 $a(EXLCZ)994330000000072269 100 $a20171005h20152015 uy 0 101 0 $aeng 135 $aurcnu|||||||| 181 $2rdacontent 182 $2rdamedia 183 $2rdacarrier 200 00$aAdvances in bladder cancer management /$feditors, Shahrokh F. Shariat, Evanguelos Xylinas 210 1$aLondon, [England] :$cFuture Medicine,$d2015. 210 4$dİ2015 215 $a1 online resource (223 pages) 311 $a1-78084-425-5 320 $aIncludes bibliographical references. 606 $aBladder$xCancer$vPopular works 615 0$aBladder$xCancer 676 $a616.99462 702 $aShariat$b Shahrokh F. 702 $aXylinas$b Evanguelos 801 0$bMiAaPQ 801 1$bMiAaPQ 801 2$bMiAaPQ 906 $aBOOK 912 $a9910812995103321 996 $aAdvances in bladder cancer management$94115947 997 $aUNINA